[Event "4NCL Division 3s"]
[Site "Daventry Court ENG"]
[Date "2014.01.12"]
[Round "4.197"]
[White "McEwan, Ken B"]
[Black "Evans, Nicholas T"]
[Result "1-0"]
[WhiteElo "2086"]
[BlackElo "1802"]
[PlyCount "55"]
[EventDate "2014.01.12"]
[WhiteTeam "Broadland"]
[BlackTeam "Midland Monarchs"]

1. d4 d5 2. Bf4 e6 3. e3 c5 4. c3 Nc6 5. Nf3 Bd6 6. Bg3 Nf6 7. Nbd2 O-O 8. Bd3
Re8 9. Ne5 Qc7 10. f4 Rb8 11. O-O b5 12. Rc1 Ne7 13. Ndf3 Ne4 14. Ng5 Nxg5 15.
fxg5 Nf5 16. Bf4 b4 17. g4 Ne7 18. Nxf7 Bxf4 19. Rxf4 bxc3 20. bxc3 Bd7 21. Qf1
g6 22. Nh6+ Kh8 23. Rf7 Nf5 24. gxf5 exf5 25. Nxf5 Rf8 26. Nh6 Qd6 27. dxc5 Qe6
28. Rxf8+ 1-0

[Event "4NCL Division 3s"]
[Site "Daventry Court ENG"]
[Date "2014.01.12"]
[Round "4.198"]
[White "Mirza, Diana"]
[Black "Moore, Gerald"]
[Result "0-1"]
[WhiteElo "1765"]
[BlackElo "2216"]
[PlyCount "88"]
[EventDate "2014.01.12"]
[WhiteTeam "Midland Monarchs"]
[BlackTeam "Broadland"]

1. e4 c6 2. d4 d5 3. exd5 cxd5 4. c4 Nf6 5. Nc3 g6 6. Nf3 Bg7 7. Be2 O-O 8. O-O
Nc6 9. h3 dxc4 10. Bxc4 Na5 11. Bd3 Be6 12. Qa4 a6 13. b3 Nc6 14. Ne2 Bd5 15.
Ne5 Nxe5 16. dxe5 Nd7 17. f4 Nc5 18. Qd4 Bxg2 19. Kxg2 Nxd3 20. Be3 Qxd4 21.
Bxd4 Nb4 22. Bc5 Nd5 23. Rad1 Rfd8 24. Rd3 e6 25. Rfd1 Rdc8 26. Bd6 Bf8 27.
Bxf8 Kxf8 28. R1d2 Rc7 29. Kf3 Rac8 30. h4 Rc2 31. Kg4 Rxd2 32. Rxd2 h6 33. Kf3
Ke7 34. Ke4 f6 35. Nd4 f5+ 36. Kf3 Rc3+ 37. Kf2 Nxf4 38. Ne2 Nxe2 39. Kxe2 Rc5
40. Kf3 Rxe5 41. Rc2 Kf6 42. Rc7 Rb5 43. Rh7 e5 44. Rxh6 Kg7 0-1

[Event "4NCL Division 3s"]
[Site "Daventry Court ENG"]
[Date "2014.01.12"]
[Round "4.207"]
[White "Elwin, Adrian G"]
[Black "Jackson, Gary C"]
[Result "1-0"]
[WhiteElo "1961"]
[BlackElo "1851"]
[PlyCount "99"]
[EventDate "2014.01.12"]
[WhiteTeam "MK Phoenix 2"]
[BlackTeam "Banbury Bulldogs"]

1. d4 d5 2. c4 c6 3. cxd5 cxd5 4. Bf4 Bf5 5. Nc3 e6 6. e4 dxe4 7. Bxb8 Qxb8 8.
Qa4+ Kd8 9. d5 e5 10. Nge2 Qd6 11. Ng3 Bg6 12. Be2 Qb4 13. O-O Qxa4 14. Nxa4 f5
15. Rfc1 Nf6 16. Nc5 Bxc5 17. Rxc5 f4 18. Nf1 Nd7 19. Rb5 b6 20. d6 Rc8 21. b4
h5 22. Rd5 Bf7 23. Rdd1 g5 24. Ba6 Rc6 25. Rac1 Nb8 26. Bb7 Rxc1 27. Rxc1 Be6
28. Nd2 Rh7 29. Bxe4 Rd7 30. Nf3 Rxd6 31. a3 g4 32. Nxe5 Rd2 33. Ng6 f3 34.
gxf3 gxf3 35. Bxf3 Rd3 36. Rd1 Rxd1+ 37. Bxd1 a5 38. bxa5 bxa5 39. Nf4 Bg4 40.
f3 Bf5 41. Nxh5 Nc6 42. Ng3 Bh3 43. Kf2 Ne5 44. Be2 Ke7 45. Ke3 Ke6 46. Ne4 Kd5
47. f4 Nc4+ 48. Bxc4+ Kxc4 49. f5 Kd5 50. f6 1-0

[Event "4NCL Division 3s"]
[Site "Daventry Court ENG"]
[Date "2014.01.12"]
[Round "4.208"]
[White "Price, Andrew"]
[Black "Valentine, Brian J"]
[Result "0-1"]
[WhiteElo "1864"]
[BlackElo "1957"]
[PlyCount "106"]
[EventDate "2014.01.12"]
[WhiteTeam "Banbury Bulldogs"]
[BlackTeam "MK Phoenix 2"]

1. d4 Nf6 2. Nf3 e6 3. Bg5 Be7 4. e3 c5 5. dxc5 Qa5+ 6. c3 Qxc5 7. Nbd2 d5 8.
Bd3 h6 9. Bh4 Nc6 10. h3 O-O 11. O-O e5 12. e4 Be6 13. Bg3 dxe4 14. Nxe4 Nxe4
15. Bxe4 f6 16. Qc2 Bd5 17. Bh7+ Kh8 18. Nh4 Bf7 19. Kh1 Rac8 20. f4 exf4 21.
Rxf4 g5 22. Rf5 Nd4 23. Rxc5 Nxc2 24. Rxc8 Nxa1 25. Rxf8+ Bxf8 26. Ng6+ Kxh7
27. Nxf8+ Kg7 28. Nd7 Bxa2 29. Bd6 Bd5 30. Kg1 Nb3 31. g4 Nd2 32. Bc5 b6 33.
Bd6 Kf7 34. Bb8 Ke7 35. Bxa7 Kxd7 36. Bxb6 Ke6 37. Bc5 f5 38. Bf8 fxg4 39. hxg4
Bf3 40. Bxh6 Bxg4 41. Kf2 Kf5 42. Bg7 Bh5 43. b4 Kf4 44. Bd4 Ne4+ 45. Kg1 Be2
46. Kg2 g4 47. Kg1 Kf3 48. Kh1 Nf2+ 49. Kg1 Nh3+ 50. Kh2 Bf1 51. Be5 Nf4 52.
Kg1 Bc4 53. Bf6 g3 0-1

[Event "4NCL Division 3s"]
[Site "Daventry Court ENG"]
[Date "2014.01.12"]
[Round "4.209"]
[White "Matthews, Adrian MS"]
[Black "Hibbitt, Arthur M"]
[Result "0-1"]
[WhiteElo "1878"]
[BlackElo "1823"]
[PlyCount "67"]
[EventDate "2014.01.12"]
[WhiteTeam "MK Phoenix 2"]
[BlackTeam "Banbury Bulldogs"]

1. e4 c5 2. c3 g6 3. d4 cxd4 4. cxd4 Bg7 5. Nf3 d5 6. exd5 Nf6 7. Nc3 Nxd5 8.
Bc4 Nxc3 9. bxc3 O-O 10. O-O Nc6 11. Re1 Na5 12. Bd3 Qc7 13. Ba3 Re8 14. Bb4
Nc6 15. Ba3 Bg4 16. h3 Bxf3 17. Qxf3 Qa5 18. Bb2 Rad8 19. Bc4 e6 20. a4 a6 21.
Bc1 Nxd4 22. Qxb7 Qxc3 23. Bg5 Qxc4 24. Bxd8 Rxd8 25. Rab1 Qxa4 26. Qb6 Bf6 27.
Rb4 Qa3 28. Re3 Qc1+ 29. Kh2 Nf5 30. Rxe6 Rd1 31. Re8+ Kg7 32. g3 Nd4 33. Rg8+
Kxg8 34. Rxd4 0-1

[Event "4NCL Division 3s"]
[Site "Daventry Court ENG"]
[Date "2014.01.12"]
[Round "4.210"]
[White "Evans, Chris John"]
[Black "Shaw, John S"]
[Result "0-1"]
[WhiteElo "1829"]
[BlackElo "1703"]
[PlyCount "76"]
[EventDate "2014.01.12"]
[WhiteTeam "Banbury Bulldogs"]
[BlackTeam "MK Phoenix 2"]

1. e4 c5 2. Nf3 Nc6 3. d4 cxd4 4. Nxd4 Nf6 5. Nc3 e5 6. Ndb5 d6 7. Nd5 Nxd5 8.
exd5 Nb8 9. c4 Be7 10. Be2 O-O 11. b4 a6 12. Nc3 Nd7 13. Qb3 Kh8 14. f4 a5 15.
fxe5 axb4 16. Nb5 Nxe5 17. O-O Bg4 18. Bxg4 Nxg4 19. Bb2 Bf6 20. Bxf6 Nxf6 21.
Qxb4 Qb6+ 22. Kh1 Ne4 23. Qe1 Rae8 24. g3 Nf6 25. Qd2 Re4 26. Qd3 Rfe8 27. Qa3
Re2 28. Nxd6 R8e3 29. Nxf7+ Kg8 30. Qd6 Qb2 31. g4 Rh3 32. Qd8+ Ne8 33. Rf2
Qxa1+ 34. Kg2 Rxf2+ 35. Kxh3 Qc3+ 36. Kh4 Qf6+ 37. Kg3 Qf4+ 38. Kh4 Rxh2# 0-1

[Event "4NCL Division 3s"]
[Site "Daventry Court ENG"]
[Date "2014.01.12"]
[Round "4.215"]
[White "Makepeace, Philip J"]
[Black "Gostelow, David W"]
[Result "0-1"]
[WhiteElo "2103"]
[BlackElo "2042"]
[PlyCount "58"]
[EventDate "2014.01.12"]
[WhiteTeam "Bucks Juniors"]
[BlackTeam "Shropshire"]

1. d4 d5 2. Nf3 Nf6 3. g3 Bf5 4. Bg2 e6 5. O-O Bd6 6. c4 c6 7. Nc3 Nbd7 8. b3
h6 9. cxd5 exd5 10. Nh4 Bh7 11. Bh3 Bb4 12. Bd2 g5 13. Nf5 g4 14. Ng7+ Kf8 15.
Bxh6 Kg8 16. Qc1 Bxc3 17. Ne6 Qe7 18. Qg5+ Bg6 19. Bxg4 Re8 20. Bf5 Ne4 21.
Bxe4 Qxg5 22. Bxg5 Bxe4 23. Nc7 Rc8 24. Rac1 Bb2 25. Nxd5 Bxd5 26. Rcd1 Re8 27.
Rd2 Bc3 28. Rd3 Bb4 29. e3 Bf3 0-1

[Event "4NCL Division 3s"]
[Site "Daventry Court ENG"]
[Date "2014.01.12"]
[Round "4.216"]
[White "Paul, Nathanael"]
[Black "Basham, Edward P"]
[Result "1-0"]
[WhiteElo "1883"]
[BlackElo "1855"]
[PlyCount "79"]
[EventDate "2014.01.12"]
[WhiteTeam "Shropshire"]
[BlackTeam "Bucks Juniors"]

1. e4 e6 2. d4 d5 3. exd5 exd5 4. Nf3 Bd6 5. Bd3 Nf6 6. O-O O-O 7. Re1 Bg4 8.
Bg5 Nbd7 9. Nbd2 c6 10. c3 Qc7 11. Qc2 Rfe8 12. Bxf6 Nxf6 13. Rac1 Bf4 14. Rb1
b5 15. b3 Bh5 16. g3 Bd6 17. Nh4 g6 18. c4 dxc4 19. bxc4 bxc4 20. Bxc4 Bg4 21.
Nhf3 Bf5 22. Bd3 Be6 23. Ne5 Bd5 24. Ndc4 Nd7 25. Nxd6 Qxd6 26. f4 Rab8 27.
Rxb8 Rxb8 28. Bc4 Nxe5 29. fxe5 Qb4 30. Rc1 Qa3 31. Bb3 Bxb3 32. axb3 Rxb3 33.
Qxc6 Rb2 34. Rf1 Qa2 35. h4 Rc2 36. Qf3 a5 37. d5 Rc7 38. e6 f5 39. d6 Ra7 40.
d7 1-0

[Event "4NCL Division 3s"]
[Site "Daventry Court ENG"]
[Date "2014.01.12"]
[Round "4.220"]
[White "Ross, Stuart"]
[Black "Golding, William"]
[Result "1-0"]
[WhiteElo "1649"]
[BlackElo "1409"]
[PlyCount "43"]
[EventDate "2014.01.12"]
[WhiteTeam "Shropshire"]
[BlackTeam "Bucks Juniors"]

1. e4 d5 2. exd5 Nf6 3. d4 Nxd5 4. c4 Nf6 5. Nf3 Bf5 6. Nc3 e6 7. Be2 Bb4 8. a3
Bxc3+ 9. bxc3 c5 10. Qa4+ Nc6 11. O-O O-O 12. Bg5 cxd4 13. cxd4 Nxd4 14. Nxd4
Qxd4 15. Rfd1 Qe5 16. Bf3 Rab8 17. Bxf6 Qxf6 18. Qxa7 h6 19. Rac1 Qe7 20. c5
Rfc8 21. c6 bxc6 22. Qxe7 1-0

[Event "4NCL Division 3s"]
[Site "Daventry Court ENG"]
[Date "2014.01.12"]
[Round "4.225"]
[White "Burrows, Nick"]
[Black "Willmoth, Rob"]
[Result "1-0"]
[WhiteElo "1838"]
[BlackElo "2154"]
[PlyCount "91"]
[EventDate "2014.01.12"]
[WhiteTeam "Oxford 3"]
[BlackTeam "Barnet Knights 1"]

1. Nf3 b6 2. d4 Bb7 3. g3 e6 4. Bg2 c5 5. O-O cxd4 6. Qxd4 Nf6 7. c4 Nc6 8. Qf4
Be7 9. Nc3 O-O 10. Rd1 d6 11. b3 Qb8 12. Bb2 Rd8 13. Rac1 a6 14. e4 b5 15. Bf1
b4 16. Na4 Nxe4 17. Nb6 Qa7 18. c5 Nxc5 19. Nxa8 Bxa8 20. Ng5 Bf8 21. Rxc5 dxc5
22. Qe4 g6 23. Rxd8 Nxd8 24. Qe5 f6 25. Qxf6 Nf7 26. Nxf7 Qb7 27. f3 Qxf3 28.
Qxf3 Bxf3 29. Ne5 Bb7 30. Bc4 Bc8 31. Kf2 Bh6 32. Ng4 Bg5 33. Nf6+ Kf7 34. Nxh7
Be7 35. h4 Bd6 36. Ng5+ Ke7 37. Ne4 Bb7 38. Bf6+ Kd7 39. Nxd6 Kxd6 40. Bd3 a5
41. Bxg6 e5 42. h5 Ke6 43. Bd8 a4 44. h6 c4 45. bxa4 b3 46. axb3 1-0

[Event "4NCL Division 3s"]
[Site "Daventry Court ENG"]
[Date "2014.01.12"]
[Round "4.227"]
[White "Terry, Sean"]
[Black "Hung, Jake"]
[Result "1-0"]
[WhiteElo "1909"]
[BlackElo "1677"]
[PlyCount "37"]
[EventDate "2014.01.12"]
[WhiteTeam "Oxford 3"]
[BlackTeam "Barnet Knights 1"]

1. c4 c6 2. e4 d5 3. exd5 cxd5 4. cxd5 Qxd5 5. Nc3 Qa5 6. d4 e6 7. Nf3 Nd7 8.
Bd3 Ngf6 9. O-O Bd6 10. Nb5 Bb8 11. Bd2 Qd8 12. Bb4 Nb6 13. a4 a6 14. Nc3 Nbd5
15. Ba3 b6 16. Ne5 Nf4 17. Qf3 Qxd4 18. Qc6+ Nd7 19. Qxc8# 1-0

[Event "4NCL Division 3s"]
[Site "Daventry Court ENG"]
[Date "2014.01.12"]
[Round "4.228"]
[White "Klingher, Dominic"]
[Black "Biswas, Karl"]
[Result "1/2-1/2"]
[WhiteElo "1799"]
[BlackElo "1743"]
[PlyCount "86"]
[EventDate "2014.01.12"]
[WhiteTeam "Barnet Knights 1"]
[BlackTeam "Oxford 3"]

1. e4 e5 2. f4 c5 3. Nf3 Nc6 4. Bc4 Nf6 5. O-O Be7 6. Nxe5 O-O 7. Nxc6 dxc6 8.
e5 Qd4+ 9. Kh1 Qxc4 10. exf6 Bxf6 11. d3 Qd4 12. Nc3 Be6 13. Ne4 Be7 14. Qf3
Qd7 15. Be3 Bd5 16. Qg3 b6 17. f5 f6 18. Rf3 Bxe4 19. dxe4 Bd6 20. Qh4 Rf7 21.
Rd1 Bg3 22. Rxd7 Bxh4 23. Rxf7 Kxf7 24. Rh3 Bg5 25. Bxg5 fxg5 26. Rd3 Re8 27.
Re3 Kf6 28. g4 Ke5 29. Ra3 Re7 30. Rf3 Kxe4 31. Rf1 Ke5 32. Kg2 Kf6 33. Rf2 Re4
34. Kg3 Re3+ 35. Kg2 Re4 36. h3 Ke5 37. c3 Kf6 38. Rd2 Ke7 39. Kf3 Re5 40. a3
Re1 41. Kf2 Re4 42. Kf3 Re1 43. Kf2 Re4 1/2-1/2

[Event "4NCL Division 3s"]
[Site "Daventry Court ENG"]
[Date "2014.01.12"]
[Round "4.229"]
[White "Henbest, Kevin B"]
[Black "Balouka-Myers, Gabriel"]
[Result "1/2-1/2"]
[WhiteElo "1695"]
[BlackElo "1597"]
[PlyCount "36"]
[EventDate "2014.01.12"]
[WhiteTeam "Oxford 3"]
[BlackTeam "Barnet Knights 1"]

1. e4 c6 2. Nc3 d5 3. Nf3 Bg4 4. h3 Bh5 5. g4 Bg6 6. exd5 cxd5 7. Bb5+ Nc6 8.
Ne5 Qc7 9. Nxg6 hxg6 10. Qe2 O-O-O 11. Bxc6 Qxc6 12. d4 e6 13. Qb5 Qxb5 14.
Nxb5 a6 15. Nc3 Nf6 16. Bg5 Bb4 17. Bxf6 gxf6 18. a3 Bxc3+ 1/2-1/2

[Event "4NCL Division 3s"]
[Site "Daventry Court ENG"]
[Date "2014.01.12"]
[Round "4.235"]
[White "Fallowfield, Jeremy R"]
[Black "Gooding, Ian"]
[Result "1/2-1/2"]
[WhiteElo "2041"]
[BlackElo "1994"]
[PlyCount "25"]
[EventDate "2014.01.12"]
[WhiteTeam "Warwickshire Select 2"]
[BlackTeam "Cambridge University 3"]

1. d4 d5 2. c4 c6 3. Nf3 Nf6 4. e3 Bg4 5. Qb3 Qb6 6. Nc3 Nbd7 7. cxd5 Qxb3 8.
axb3 Bxf3 9. gxf3 Nxd5 10. Nxd5 cxd5 11. Bd2 e6 12. Bd3 Bd6 13. Ke2 1/2-1/2

[Event "4NCL Division 3s"]
[Site "Daventry Court ENG"]
[Date "2014.01.12"]
[Round "4.236"]
[White "Campbell, Mark P"]
[Black "Page, Mark E"]
[Result "1-0"]
[WhiteElo "2105"]
[BlackElo "1951"]
[PlyCount "73"]
[EventDate "2014.01.12"]
[WhiteTeam "Warwickshire Select 2"]
[BlackTeam "Cambridge University 3"]

1. e4 c5 2. Nf3 d6 3. d4 cxd4 4. Nxd4 Nf6 5. Nc3 a6 6. f4 Qc7 7. Nf3 e5 8. a4
b6 9. Bd3 Bb7 10. O-O Nbd7 11. Qe1 g6 12. f5 Bg7 13. Qh4 O-O-O 14. Be3 h6 15.
fxg6 fxg6 16. Nd2 g5 17. Qe1 Rhf8 18. Qe2 Nc5 19. Nc4 d5 20. exd5 Nxd5 21. Nxd5
Bxd5 22. Bf5+ Kb7 23. a5 b5 24. Nb6 Be6 25. Bxe6 Nxe6 26. c4 bxc4 27. Rfc1 Nd4
28. Qg4 Qf7 29. Qe4+ Ka7 30. Rxc4 Qb7 31. Qg4 Rf7 32. Rac1 Rdf8 33. Nc8+ Kb8
34. Nd6 Qxb2 35. Bxd4 exd4 36. Nxf7 Be5 37. Rc8+ 1-0

[Event "4NCL Division 3s"]
[Site "Daventry Court ENG"]
[Date "2014.01.12"]
[Round "4.237"]
[White "Webster, Paul"]
[Black "Kreuzer, Christopher RL"]
[Result "0-1"]
[WhiteElo "1996"]
[BlackElo "1908"]
[PlyCount "108"]
[EventDate "2014.01.12"]
[WhiteTeam "Warwickshire Select 2"]
[BlackTeam "Cambridge University 3"]

1. d4 d5 2. Nf3 Nf6 3. c4 c6 4. e3 Nbd7 5. Nc3 dxc4 6. Bxc4 e6 7. O-O Be7 8.
Qe2 Qc7 9. e4 e5 10. dxe5 Nxe5 11. Bf4 Bd6 12. Nxe5 Bxe5 13. Bg3 Bg4 14. Qe3
O-O 15. Bxe5 Qxe5 16. f4 Qe7 17. h3 Be6 18. Bxe6 Qxe6 19. Rad1 Rfe8 20. Rfe1 h6
21. e5 Nd5 22. Nxd5 cxd5 23. Qd4 Red8 24. Rc1 b6 25. Red1 Rd7 26. Rc3 Rad8 27.
Rdc1 h5 28. Rc8 Qf5 29. Rxd8+ Rxd8 30. Kh2 Qe4 31. Qf2 d4 32. Qh4 Re8 33. Re1
Qf5 34. Rd1 d3 35. Qg3 Rd8 36. Qe3 h4 37. Rd2 Rd5 38. Kg1 Qd7 39. Qf2 Qc6 40.
Kh2 Qc5 41. Qxc5 bxc5 42. g3 c4 43. Kg2 Ra5 44. a3 Rb5 45. Kf3 hxg3 46. Ke3 Rd5
47. Kf3 Rb5 48. Ke3 Rb7 49. Kd4 Rd7+ 50. Ke3 Kh7 51. Kf3 Kg6 52. Kxg3 Kf5 53.
Kf3 Rd4 54. Kg3 Ke4 0-1

[Event "4NCL Division 3s"]
[Site "Daventry Court ENG"]
[Date "2014.01.12"]
[Round "4.238"]
[White "Breed, Greg J"]
[Black "Ingram, Keith R"]
[Result "1/2-1/2"]
[WhiteElo "1724"]
[BlackElo "2011"]
[PlyCount "82"]
[EventDate "2014.01.12"]
[WhiteTeam "Cambridge University 3"]
[BlackTeam "Warwickshire Select 2"]

1. d4 Nf6 2. Nf3 e6 3. c4 b6 4. Nc3 Bb7 5. a3 Be7 6. e3 d5 7. cxd5 exd5 8. Bb5+
c6 9. Bd3 O-O 10. O-O Nbd7 11. b4 c5 12. bxc5 bxc5 13. Rb1 Rb8 14. Qa4 a5 15.
Bf5 g6 16. Bh3 Bd6 17. Bd2 Nb6 18. Qxa5 Nc4 19. Qxd8 Rfxd8 20. Nb5 Bf8 21. dxc5
Bxc5 22. Bb4 Ne4 23. Bxc5 Nxc5 24. Rfd1 Ra8 25. g3 Bc6 26. Nfd4 Bxb5 27. Rxb5
Ne4 28. Nc6 Rd6 29. Ne7+ Kf8 30. Nxd5 Rxa3 31. Rc1 Ne5 32. Bg2 Nd2 33. f4 Ng4
34. e4 Rda6 35. Rb8+ Kg7 36. Rbc8 Nf3+ 37. Bxf3 Rxf3 38. R8c2 Ra4 39. Nc3 Rc4
40. Nd1 Rxe4 41. Nf2 Nxf2 1/2-1/2

[Event "4NCL Division 3s"]
[Site "Daventry Court ENG"]
[Date "2014.01.12"]
[Round "4.240"]
[White "Ivanov, Elizabeth"]
[Black "Paterson, Andrew I"]
[Result "0-1"]
[WhiteElo "1604"]
[BlackElo "2140"]
[PlyCount "56"]
[EventDate "2014.01.12"]
[WhiteTeam "Cambridge University 3"]
[BlackTeam "Warwickshire Select 2"]

1. e4 c6 2. d4 d5 3. exd5 cxd5 4. Bd3 Nc6 5. c3 Nf6 6. Bf4 Bg4 7. Nf3 e6 8.
Nbd2 Bd6 9. Bxd6 Qxd6 10. Qc2 O-O 11. h3 Bxf3 12. Nxf3 Rfc8 13. a3 Rab8 14. O-O
b5 15. Qe2 a6 16. Ne5 Qc7 17. f4 g6 18. Qf3 a5 19. Qg3 Nxe5 20. fxe5 Nh5 21.
Qh4 b4 22. cxb4 axb4 23. Rac1 Qxc1 24. Rxc1 Rxc1+ 25. Kf2 bxa3 26. bxa3 Rc3 27.
Be2 Ng3 28. Bb5 Ne4+ 0-1

[Event "4NCL Division 3s"]
[Site "Daventry Court ENG"]
[Date "2014.01.12"]
[Round "4.246"]
[White "Sanitt, Ethan"]
[Black "Homer, Neil S"]
[Result "1/2-1/2"]
[WhiteElo "1530"]
[BlackElo "1635"]
[PlyCount "45"]
[EventDate "2014.01.12"]
[WhiteTeam "Barnet Knights 2"]
[BlackTeam "e2e4.org.uk 6"]

1. c4 e6 2. g3 d5 3. Bg2 c5 4. d4 Nf6 5. cxd5 exd5 6. Bg5 Be6 7. Nc3 c4 8. Bxf6
gxf6 9. a3 Nc6 10. Qa4 a6 11. Nf3 Bg7 12. e4 b5 13. Qc2 Ne7 14. Nh4 dxe4 15.
Qxe4 O-O 16. d5 f5 17. Qf3 Bxc3+ 18. Qxc3 Nxd5 19. Qd2 Qe7 20. O-O-O Rad8 21.
Nxf5 Bxf5 22. Bxd5 Be6 23. Qe3 1/2-1/2

[Event "4NCL Division 3s"]
[Site "Daventry Court ENG"]
[Date "2014.01.12"]
[Round "4.249"]
[White "Boyalakuntla, Siva"]
[Black "Balouka-Myers, Reuben"]
[Result "0-1"]
[WhiteElo "1483"]
[BlackElo "1541"]
[PlyCount "50"]
[EventDate "2014.01.12"]
[WhiteTeam "e2e4.org.uk 6"]
[BlackTeam "Barnet Knights 2"]

1. c4 f5 2. e3 d6 3. Nc3 Nf6 4. Be2 g6 5. b3 Bg7 6. Bb2 O-O 7. d3 e5 8. h3 Nc6
9. g4 fxg4 10. hxg4 Qd7 11. g5 Ne8 12. Qd2 Qf5 13. Nf3 Qf7 14. O-O-O Bg4 15.
Nh2 Bxe2 16. Nxe2 a6 17. Rdf1 d5 18. Ng4 dxc4 19. dxc4 Rd8 20. Qc3 Qf3 21. Nh6+
Bxh6 22. Nf4 exf4 23. Qh8+ Kf7 24. Qxh7+ Bg7 25. Rh6 Ne7 0-1

[Event "4NCL Division 3s"]
[Site "Daventry Court ENG"]
[Date "2014.01.12"]
[Round "4.255"]
[White "Ireland, David J"]
[Black "Lentzos, Ioannis"]
[Result "0-1"]
[WhiteElo "1922"]
[BlackElo "1833"]
[PlyCount "22"]
[EventDate "2014.01.12"]
[WhiteTeam "Throw in the Tal"]
[BlackTeam "e2e4.org.uk 5"]

1. e4 c5 2. Nc3 e6 3. f4 d5 4. Nf3 d4 5. Ne2 Nf6 6. d3 Nc6 7. g3 Qc7 8. Bg2 Bd7
9. a3 h6 10. b4 cxb4 11. Nexd4 Nxd4 0-1

[Event "4NCL Division 3s"]
[Site "Daventry Court ENG"]
[Date "2014.01.12"]
[Round "4"]
[White "David, Ivan"]
[Black "Pink, Joshua"]
[Result "0-1"]
[WhiteElo "1858"]
[BlackElo "1805"]
[PlyCount "176"]
[EventDate "2014.01.12"]
[WhiteTeam "e2e4.org.uk 5"]
[BlackTeam "Throw in the Tal"]

1. Nf3 Nf6 2. g3 c5 3. Bg2 d5 4. d4 Nc6 5. O-O Qb6 6. dxc5 Qxc5 7. Be3 Qb4 8.
Nc3 e6 9. a3 Qa5 10. b4 Qd8 11. Qd3 e5 12. Bg5 e4 13. Bxf6 gxf6 14. Nxe4 dxe4
15. Qxe4+ Qe7 16. Qf4 Be6 17. b5 Nd8 18. Rfd1 Bg7 19. a4 Rc8 20. Rac1 Qc7 21.
Qxc7 Rxc7 22. Nd4 O-O 23. Nxe6 fxe6 24. c4 b6 25. Rd6 Kf7 26. a5 bxa5 27. Ra6
f5 28. e3 Bb2 29. Rc2 Ba3 30. Rxa5 Bc5 31. Ra4 Kf6 32. Kf1 Nf7 33. Ke2 Rfc8 34.
f4 Bb6 35. Bc6 Bc5 36. Ra1 Nd8 37. Bf3 Bb6 38. Rac1 Rc5 39. g4 R8c7 40. g5+ Kg7
41. h4 Nb7 42. Bc6 Na5 43. Bg2 Rxc4 44. Rxc4 Rxc4 45. Rxc4 Nxc4 46. e4 Nd6 47.
exf5 exf5 48. Bc6 Kg6 49. Kf3 Bc7 50. Kg3 Ne4+ 51. Kf3 Nc5 52. Be8+ Kg7 53. h5
h6 54. gxh6+ Kxh6 55. Bg6 Ne6 56. Bxf5 Nxf4 57. b6 axb6 58. Ke4 Bd6 59. Bg4
Nxh5 60. Kd5 Bc5 61. Be2 Kg5 62. Kc6 Nf4 63. Bf1 Kf5 64. Kb5 Ke5 65. Bc4 Ne6
66. Ka4 Nc7 67. Bf1 Kd4 68. Kb3 b5 69. Bxb5 Nxb5 70. Kc2 Ke3 71. Kb3 Kd3 72.
Ka4 Kc4 73. Ka5 Nc7 74. Ka4 Kc3 75. Ka5 Bd4 76. Ka4 Bb6 77. Ka3 Nb5+ 78. Ka4
Nd4 79. Ka3 Nb3 80. Ka4 Kc4 81. Ka3 Bd4 82. Ka4 Bc3 83. Ka3 Nc5 84. Ka2 Kd3 85.
Ka3 Kc2 86. Ka2 Bb4 87. Ka1 Nd3 88. Ka2 Nc1+ 0-1

[Event "4NCL Division 3s"]
[Site "Daventry Court ENG"]
[Date "2014.01.12"]
[Round "4.1"]
[White "Goodwin, Ed H"]
[Black "Booley, Graham M"]
[Result "1-0"]
[WhiteElo "1745"]
[BlackElo "1821"]
[PlyCount "69"]
[EventDate "2014.01.12"]
[WhiteTeam "Throw in the Tal"]
[BlackTeam "e2e4.org.uk 5"]

1. d4 f5 2. Nc3 e6 3. e4 fxe4 4. Nxe4 Nf6 5. Bd3 Nxe4 6. Bxe4 Qf6 7. Nf3 d6 8.
Qd3 h6 9. Bg6+ Kd8 10. Be3 Nc6 11. c3 Bd7 12. Qc2 Be8 13. Bxe8 Kxe8 14. O-O-O
Qf5 15. Rhe1 Qxc2+ 16. Kxc2 Kf7 17. Re2 Re8 18. Rde1 g5 19. h3 Bg7 20. Bc1 a6
21. b3 e5 22. dxe5 Nxe5 23. Nd4 Bf6 24. f4 Ng6 25. Rxe8 Rxe8 26. Rxe8 Kxe8 27.
fxg5 Bxg5 28. Bxg5 hxg5 29. Ne6 Nf4 30. Nxf4 gxf4 31. Kd3 c5 32. Ke4 b5 33. c4
Kf7 34. Kxf4 Ke6 35. Ke4 1-0

[Event "4NCL Division 3s"]
[Site "Daventry Court ENG"]
[Date "2014.01.12"]
[Round "4.9"]
[White "Ogunshola, Ben"]
[Black "Davies, Matthew"]
[Result "1/2-1/2"]
[WhiteElo "2149"]
[BlackElo "1942"]
[PlyCount "52"]
[EventDate "2014.01.12"]
[WhiteTeam "The Pitstop"]
[BlackTeam "West is Best 2"]

1. Nf3 d5 2. g3 Nf6 3. Bg2 g6 4. O-O Bg7 5. d3 O-O 6. Nbd2 Bg4 7. c4 c6 8. Rb1
Bxf3 9. Bxf3 e6 10. b4 Nbd7 11. Qc2 Qe7 12. Re1 Rfd8 13. a3 Ne5 14. Bg2 Ne8 15.
Bb2 Rac8 16. h3 Nd6 17. f4 Nd7 18. Bxg7 Kxg7 19. e4 dxe4 20. dxe4 e5 21. Nf3 f6
22. Rbd1 Nf7 23. h4 Nf8 24. Bh3 Rxd1 25. Rxd1 Re8 26. Re1 Rd8 1/2-1/2

[Event "4NCL Division 3s"]
[Site "Daventry Court ENG"]
[Date "2014.01.12"]
[Round "4.91"]
[White "Anilkumar, Anantha P (jnr)"]
[Black "Delay, Guillaume"]
[Result "0-1"]
[WhiteElo "1729"]
[BlackElo "2058"]
[PlyCount "86"]
[EventDate "2014.01.12"]
[WhiteTeam "KJCA Knights"]
[BlackTeam "Bristol University"]

1. e4 c5 2. Nf3 d6 3. d4 cxd4 4. Nxd4 Nf6 5. Nc3 g6 6. Be3 Bg7 7. f3 Nc6 8. Qd2
O-O 9. O-O-O d5 10. exd5 Nxd5 11. Nxc6 bxc6 12. Bd4 e5 13. Bc5 Be6 14. Ne4 Re8
15. Ba6 Qc7 16. Nd6 Red8 17. Nb7 Rd7 18. Qa5 Rb8 19. Qxc7 Nxc7 20. Rxd7 Nxa6
21. Bxa7 Bxd7 22. Bxb8 Nxb8 23. Rd1 Kf8 24. Nc5 Ke7 25. a4 Bc8 26. b4 Na6 27.
Nxa6 Bxa6 28. Kd2 f5 29. Kc3 e4+ 30. Kb3 e3 31. Re1 f4 32. c4 Kd6 33. Rd1+ Kc7
34. b5 Bc8 35. c5 cxb5 36. axb5 Be6+ 37. Kb4 Bf8 38. Rd4 Bf5 39. Rd1 Be7 40.
Re1 Bd3 41. g3 e2 42. Ra1 Bf6 43. Re1 Bd4 0-1

[Event "4NCL Division 3s"]
[Site "Daventry Court ENG"]
[Date "2014.01.12"]
[Round "4.89"]
[White "Thompson, Robert"]
[Black "Grey, Nicholas D"]
[Result "0-1"]
[WhiteElo "1971"]
[BlackElo "1729"]
[PlyCount "24"]
[EventDate "2014.01.12"]
[WhiteTeam "Bristol University"]
[BlackTeam "BCM Bison (4)"]

1. Nf3 c5 2. c4 Nf6 3. Nc3 g6 4. g3 Bg7 5. Bg2 O-O 6. O-O d6 7. d4 Nc6 8. h3
cxd4 9. Nxd4 Bd7 10. e4 Qc8 11. g4 Nxd4 12. Qxd4 Nxg4 0-1

[Event "4NCL Division 3s"]
[Site "Daventry Court ENG"]
[Date "2014.01.12"]
[Round "4.92"]
[White "Mallon, Gunnar"]
[Black "Humphreys, Jerry"]
[Result "0-1"]
[WhiteElo "1706"]
[BlackElo "2065"]
[PlyCount "60"]
[EventDate "2014.01.12"]
[WhiteTeam "BCM Bison (4)"]
[BlackTeam "Bristol University"]

1. c4 Nf6 2. Nc3 c5 3. g3 e6 4. e4 d6 5. Bg2 Be7 6. Nge2 a6 7. O-O Nc6 8. d3
O-O 9. f4 Bd7 10. h3 Rb8 11. Be3 b5 12. cxb5 axb5 13. Qd2 Qa5 14. a3 b4 15.
axb4 Qxb4 16. Rfb1 e5 17. f5 Nd4 18. Qd1 Bc6 19. Bd2 Qb6 20. Nxd4 cxd4 21. Na4
Qb3 22. Qxb3 Rxb3 23. Bf1 Ra8 24. Be2 Rxa4 25. Rxa4 Bxa4 26. Bd1 Rxd3 27. Bxa4
Rxd2 28. b4 Nxe4 29. Bc6 Nc3 30. Ra1 Rd1+ 0-1